20 größte Agglomerationen, die mit W beginnen - Statistiken

Allgemein
  • Dieses Quiz wurde 31 mal gespielt
  • Das Durchschnittsergebnis liegt bei 6 aus 20
Antwortstatistiken
Einwohner Agglomeration Staat % Korrekt
2.350 Wien Österreich
100%
2.300 Warschau Polen
96%
5.600 Washington USA
93%
12.000 Wuhan China
89%
1.400 Wolgograd Russland
64%
800 Winnipeg Kanada
61%
750 Wladiwostok Russland
57%
1.150 Woronesch Russland
36%
5.500 Wenzhou China
18%
700 Wuzhou China
11%
1.100 Wanzhou China
4%
900 Warangal Indien
4%
1.600 Warri Nigeria
4%
2.000 Weifang China
4%
1.200 Weihai China
4%
1.300 Wuhu China
4%
600 Wah Cantonment Pakistan
0%
800 Weinan China
0%
550 Weining China
0%
600 Wuzhong China
0%
Keine übereinstimmenden Quizze gefunden
Verteilung der Resultate
Anzahl Personen mit jedem Resultat
Perzentil nach korrekt beantworteten Fragen
Ihre Resultats-Entwicklung
Sie haben dieses Quiz noch nicht gespielt